Norma Chilena Oficial NCh 2505. Of2001

Saved in:
Bibliografiske detaljer
Institution som forfatter: Instituto Nacional de Normalización (Author)
Format: Bog
Sprog:spansk
Udgivet: Santiago Instituto Nacional de Normalización 2001
Udgivelse:1a. ed
Fag:
Tags: Tilføj Tag
Ingen Tags, Vær først til at tagge denne postø!

MARC

LEADER 00000cam a2200000 a 4500
001 UCD2861
003 CL-VaPUC
008 160512e20010000cl |||||||||||||||||spa|d
082 0 4 |a 631.4  |b INS  |2 21 
110 2 |a Instituto Nacional de Normalización  |e author  |9 586240 
245 1 0 |a Norma Chilena Oficial NCh 2505. Of2001 
246 1 0 |a Estabilización química de suelos - caracterización del producto y evaluación de propiedades de desempeño del suelo 
246 1 0 |a Chemical soils stabilization - characterización of material and assessment of soil performance properties 
250 |a 1a. ed 
300 |a 13 p 
942 |c BK 
945 |d 20160512 21:36:00  |a arojas 
260 |a Santiago  |b Instituto Nacional de Normalización  |c 2001 
650 0 |a Química de suelos  |9 264295 
650 7 |a ESTABILIZACION DE SUELOS  |2 CL-VaPUC  |9 262770 
650 0 |a Suelos  |9 260322 
650 7 |a PROPIEDADES DE LOS SUELOS  |2 CL-VaPUC  |9 586241 
650 0 |a Normas chilenas  |9 472382 
583 |a last modification  |c 20160512 21:36:00  |k Rodrigo Vera 
999 |c 363972  |d 363970 
952 |0 0  |1 0  |3 erb  |4 0  |6 631_400000000000000_INS_2001  |7 0  |8 X  |9 476849  |a BIBING  |b BIBING  |i 5286387  |o 631.4 INS 2001  |p 5286387  |r 2025-01-20  |w 2019-11-24  |y BK_X  |z Catalogado en:20160512  |k CCL